| 000 | 00763nam a2200193Ia 4500 | ||
|---|---|---|---|
| 003 | GCL | ||
| 008 | 140319s9999 xx 000 0 ara d | ||
| 020 | _a?075310977 | ||
| 040 |
_aGCL / _cGCL |
||
| 082 | 0 | 4 |
_a796.48 _bا ت |
| 100 | 1 | _aاسماعيل حامد عثمان | |
| 245 | 1 | 0 |
_aالتحديات التى تواجة الدورات الاولمبية فى القرن الحادى والعشرين / _cاسماعيل حامد عثمان |
| 260 |
_aالقاهرة : _bدار الفكر العربى ، _c1996 |
||
| 300 |
_a127 ص ؛ _c24 سم |
||
| 490 |
_aالفكر العربى فى التربية البدنية والرياضية _v0 |
||
| 650 | 0 | 4 | _aالرياضة البدنية |
| 650 | 0 | 4 | _aالالعاب الاوليمبية |
| 942 |
_2ddc _cBK |
||
| 999 |
_c45313 _d45313 |
||